00693nam a2200145Ia 4500008004100000050002400041100004200065245017000107260008600277300002800363521002300391942000700414999001900421952010700440140724s9999 xx 000 0 und d aPN 4877b.V718 2010 aVillanueva, Maria Christina Sophia B. aInfluence of candy, meg and seventeen magazines on the lifestyle of selected female high school students on Las Piñas City /cVillanueva, Maria Christina Sophia B. aLas Piñas, Philippines :bSouthville International School and Colleges,cc2010. a72 p. :bill. ;c28 cm. aMass Communication cTH c228937d228937 001040aCLbCLcTHESESd2014-07-24l0oPN 4877 .V718 2010pT0291r2018-05-15 00:00:00w2014-07-24yTH